Normal view
MARC view
Entry Personal Name
001 - CONTROL NUMBER
- control field: 1236455
003 - CONTROL NUMBER IDENTIFIER
- control field: OSt
005 - DATE AND TIME OF LATEST TRANSACTION
- control field: 20260430150109.0
008 - FIXED-LENGTH DATA ELEMENTS
- fixed length control field: 260430|| aca||aabn | a|a d
040 ## - CATALOGING SOURCE
- Original cataloging agency: OSt
- Transcribing agency: OSt
100 ## - HEADING--PERSONAL NAME
- Personal name: Chopra Sayar Singh Au.; Das Ratnottama Gu
670 ## - SOURCE DATA FOUND
- Source citation: Work cat.: (OSt)1848939: Chopra Sayar Singh Au.; Das Ratnottama Gu., Voicing the subaltern: a critical study of contemporary Indian tribal fiction, 2022
